Statistics for 2015-2016 Boston Celtics

Click here to take the quiz!

General Stats

  • This quiz has been taken 93 times
  • The average score is 9 of 15

Answer Stats

number player % Correct
0Avery Bradley
91%
99Jae Crowder
91%
4Isaiah Thomas
78%
36Marcus Smart
75%
90Amir Johnson
67%
7Jared Sullinger
59%
44Tyler Zeller
56%
12Terry Rozier
54%
41Kelly Olynyk
52%
11Evan Turner
48%
28R.J. Hunter
47%
13James Young
46%
8Jonas Jerebko
42%
55Jordan Mickey
38%
42David Lee
27%

Score Distribution

Percentile by Number Answered

Percent of People with Each Score

Your Score History

You have not taken this quiz